| 000 | 00625cam a22002291 4500 | ||
|---|---|---|---|
| 001 | sa 66000377 | ||
| 003 | DLC | ||
| 005 | 20260227112214.0 | ||
| 008 | 890905s1964 ii 000 0 hino | ||
| 010 | _asa 66000377 | ||
| 035 | _a(OCoLC)20302450 | ||
| 040 |
_aDLC _cWaU _dTxU _dDLC |
||
| 042 | _apremarc | ||
| 050 | 0 | 0 |
_aHQ1154 _b.S5 |
| 100 | 0 |
_aRāmavr̥ksha Benīpurī, _d1899-1968. |
|
| 245 | 1 | 0 | _aNaī nārī. |
| 260 |
_aMujapparapur : _bVenīpurī Prakāshan, _c1964. |
||
| 300 |
_a95 p. _c19 cm. |
||
| 500 | _aIn Hindi. | ||
| 650 | 0 |
_aWomen _xSocial and moral questions. |
|
| 650 | 0 |
_aWomen _xSocial problems _zIndia. |
|
| 999 |
_c67208 _d67208 |
||